| 000 | 00373nam a2200145 a 4500 | ||
|---|---|---|---|
| 005 | 20140414132122.0 | ||
| 008 | 130213s19uu xx 00 eng d | ||
| 050 |
_aTR _bTh531 2011 |
||
| 245 | _aThree Billy goats gruff. | ||
| 260 |
_bCastle Street Press, _c2011. |
||
| 300 | _a10p. | ||
| 500 | _aWith large illustrations | ||
| 650 | _aChildren stories. | ||
| 999 |
_c115110 _d115110 |
||